| 000 | 00451nam a22001697a 4500 | ||
|---|---|---|---|
| 003 | 0 | ||
| 005 | 20230620131153.0 | ||
| 008 | 230620b xxu||||| |||| 00| 0 eng d | ||
| 020 | _a978-981-09-3991-5 | ||
| 082 |
_aER _b.Bl642 2013 |
||
| 245 |
_aKing pig _cBland, Nick |
||
| 260 |
_aNew York _bScholastic, Inc. _cc2013 |
||
| 300 |
_a32pp. _bcol. ill. _c24cm. |
||
| 500 | _aChildren's stories. | ||
| 500 | _aAnimals-Picture books. | ||
| 942 |
_2ddc _cER |
||
| 999 |
_c365055 _d365055 |
||